01641naa a2200241 i 45000010005000000030009000050050017000140080039000310400021000700800016000911000161001072450144002685000021004125200433004336500020008666500025008866550030009117110100009417730293010419420013013349990015013479520037013621587KOSZ 00520180126130749.0150528s2001 pl f |100 0 pol cBPKdKOSZ 005/EG a352/353.0711 aKRAUZE, Tomasz.d1998 - .bPolitechnika Koszalińska - Wydział Ekonomii i Zarządzania,cKatedra Polityki Społeczno-Gospodarczej i Ekonomiki Regionalnej10aNowy podział administracyjny Polski a zarządzanie rozwojem regionalnym w krajach Unii Europejskiej /cAgnieszka Korneluk, Tomasz Krauze. aDane z autopsji. aW artykule dowodzi się, że zasadniczo podział administracyjny i struktura zarządzania państwem w krajach UE nie wywiera bezpośredniego wpływu na kształt i efektywność polityki regionalnej. Znaczący wpływ ma natomiast skuteczność działań władz centralnych i lokalnych, wynikająca z właściwego pojmowania prawidłowości rozwoju lokalnego oraz wspólnie wypracowanych programów strukturalnych. 0aRegiony (adm.). 0aPolityka regionalna. 0aMateriały konferencyjne.22aKonferencja Naukowa nt. Integracja i rozwój Pomorza Środkowegod(2001 ;cKoszalin, Polska).0 iW :tIntegracja i rozwój Pomorza Środkowego : materiały na konferencję naukową, Koszalin 19 luty 2001 / [red. Andrzej Suszyński, Stanisław Bartoszewski, Leszek Brożek]. -dKoszalin : Wydaw. Wydziału Ekonomii i Zarządzania Politechniki Koszalińskiej, 2001. -gs. 203-217 cROZ2UKD c1587d1587 00104070aBPKbBPKo91932yROZ